Responses for show #8187 - Tuesday, March 24, 2020

Contestants

[<< previous game]

Nick Klotz, a financial analyst from Milwaukee, Wisconsin

Lindsay Evans, a prospect research strategist from Seattle, Washington

Kimberly Flynn, a writer and editor from Wayne, Pennsylvania (whose 1-day cash winnings total $32,800)

[next game >>]

Jeopardy! Round responses

I WROTE THAT!
CAR "MA"
FOREIGN GEOGRAPHICAL TERMS
AFRICAN-AMERICAN PERFORMERS
WHAT AN IDIOM!
SHINY THINGS
    $200 1
(Ian) Fleming

Nick
    $200 30
Mazda

Kimberly
    $200 26
Sierra

Nick
    $200 25
Eddie Murphy

Lindsay
    $200 23
off my nose

Lindsay
    $200 29
a rhinestone

Nick
    $400 2
(Suzanne) Collins

Lindsay
    $400 4
(Lindsay: What is...)
(Alex: Say it.)
(Lindsay: Oh, it's an Impala, I know it.)

Maserati

KimberlyLindsay
    $400 7
a bridge

Lindsay
    $400 24
Halle Berry

Lindsay
    $400 22
(Alex: With a hammer, of course.)

hitting the nail on the head

Triple Stumper
    $400 17
Australia

Lindsay
    $600 3
Hawthorne

Lindsay
    $600 11
(Lionel) Martin

Lindsay
    $600 8
Cabo

Nick
    $600 14
Diana Ross

Nick
    $600 19
the ammunition

Kimberly
    $600 18
brilliant

Triple Stumper
    $800 5
Homer

Lindsay
    $800 12
Maverick

Triple Stumper
    $800 9
a river

Nick
    $800 15
(Wanda) Sykes

Nick
    $800 20
a whistle blower, blowing a whistle

Nick
    $800 28
a hill

Nick
    $1,400 6
(Lindsay: Who is Shaw?)

Joseph Heller

Lindsay
    $1000 13
(Kimberly: What is Benz?)

Maybach

Kimberly
Triple Stumper
    $1000 10
rain forest

Triple Stumper
    $1000 16
Viola Davis

Lindsay
    $1000 21
absence

Kimberly
    $1000 27
xenon

Triple Stumper

Scores at the first commercial break (after clue 15):

Kimberly Lindsay Nick
-$600 $1,000 $3,000

Scores at the end of the Jeopardy! Round:

Kimberly Lindsay Nick
$1,200 $3,200 $5,000

Double Jeopardy! Round responses

GET-TOGETHERS
FILM ANALYSIS
BONES
COMEDIA DELL'ARTE CHARACTERS
COLONIAL AMERICA
"CH" SQUARED
(Alex: Each correct response will have two sets of C-H.)
    $400 1
a promotion

Triple Stumper
    $400 9
Top Gun

Nick
    $400 22
the spine

Lindsay
    $400 14
tea

Nick
    $400 28
Chechnya

Lindsay
    $800 2
a ball

Lindsay
    $2,000 8
(Alex: Wonderful film.)

Shawshank Redemption

Lindsay
    $800 21
(Lindsay: What are the toes?)

metatarsal

LindsayNick
    $800 23
Pantalone

Lindsay
    $800 13
Jamestown

Lindsay
    $800 27
schoolteacher

Triple Stumper
    $1200 3
a barn

Nick
    $1200 5
Gone Girl

Nick
    $1200 15
scapula

Nick
    $3,000 24
(Lindsay: What is... acrobatics?)
...
(Alex: Less than a minute to go now.)

slapstick

Lindsay
    $1200 10
the Continental Congress

Nick
    $1200 19
Rorschach

Triple Stumper
    $1600 4
(Nick: What are the Elgin Marbles?)

a mummy

LindsayNick
    $1600 6
Unforgiven

Nick
    $1600 16
the ilium

Lindsay
    $1600 25
Scaramouche

Lindsay
    $1600 11
Princeton

Kimberly
    $1600 20
chicharrones

Triple Stumper
    $2000 18
a soiree

Nick
    $2000 7
Captain Phillips

Lindsay
    $2000 17
a sternum

Nick
    $2000 26
Pagliacci

Nick
    $2000 12
(Nick: What is Shays' Rebellion?)

Bacon's Rebellion

Nick
Triple Stumper
    $2000 29
[The end-of-round signal sounds.]

cherchez la femme

Kimberly

Scores at the end of the Double Jeopardy! Round:

Kimberly Lindsay Nick
$4,800 $11,400 $15,400

[wagering suggestions for these scores]

Final Jeopardy! Round responses

AMERICAN POETS
KimberlyWho is Eliz Barrett
$4,800
LindsayWho is Emily Dickinson?
$1,801
NickWho is [something crossed out] Emma Lazarus
$7,401
Emma Lazarus

Final scores:

Kimberly Lindsay Nick
$0 $9,599 $22,801
3rd place: $1,000 2nd place: $2,000 New champion: $22,801

Game dynamics:

Coryat scores:

Kimberly Lindsay Nick
$4,800 $14,600 $15,400
6 R,
1 W
20 R
(including 1 DD),
4 W
(including 2 DDs)
20 R,
2 W

Combined Coryat: $34,800

The J! Archive is created by fans, for fans. The Jeopardy! game show and all elements thereof, including but not limited to copyright and trademark thereto, are the property of Jeopardy Productions, Inc. and are protected under law. This website is not affiliated with, sponsored by, or operated by Jeopardy Productions, Inc. Join the discussion at JBoard.tv.